[Event "Deltalift op"]
[Site "Tylosand"]
[Date "2022.05.28"]
[Round "7"]
[White "Lindhe, Magnus"]
[Black "Miskulin, Dennis"]
[Result "1-0"]
[WhiteElo "2185"]
[BlackElo "2144"]
[PlyCount "102"]
[EventDate "2022.05.26"]
[EventType "swiss"]
[EventRounds "8"]
[EventCountry "SWE"]
[SourceTitle "CBM 208 Extra"]
[Source "ChessBase"]
[SourceDate "2022.07.31"]
[SourceVersion "1"]
[SourceVersionDate "2022.07.31"]
[SourceQuality "1"]

1. e4 c5 2. Nf3 Nc6 3. Bb5 Nf6 4. Nc3 a6 5. Bxc6 dxc6 6. a4 b6 7. h3 g6 8. 0-0 Bg7 9. Re1 0-0 10. d3 Ne8 11. e5 a5 12. Bf4 Nc7 13. Qd2 Ne6 14. Bh6 f6 15. Bxg7 Kxg7 16. exf6+ exf6 17. Re4 Ra7 18. Rae1 Re8 19. Qe3 Rae7 20. h4 Kf7 21. Qh6 Nf8 22. Qf4 Bf5 23. Rxe7+ Rxe7 24. Rxe7+ Qxe7 25. g4 Bc8 26. Ne4 Kg7 27. g5 fxg5 28. hxg5 Bf5 29. Nd6 Bg4 30. Ne5 Bd7 31. Ndc4 b5 32. Nxa5 bxa4 33. Naxc6 Qe6 34. Nd8 Qe7 35. Ndc6 Qe6 36. Na5 Be8 37. Nac4 Qe7 38. Ng4 Bd7 39. Nce5 Bxg4 40. Nxg4 Qe1+ 41. Kg2 Qe6 42. Qc7+ Kh8 43. Qe5+ Qxe5 44. Nxe5 Ne6 45. Nd7 Kg7 46. Kg3 Kf7 47. f4 Ke7 48. Nb6 Kd6 49. Nxa4 Nd4 50. c3 Ne2+ 51. Kf3 Kd5 1-0

[Event "Pardubice Czech op-A 29th"]
[Site "Pardubice"]
[Date "2018.07.20"]
[Round "1"]
[White "Miskulin, Dennis"]
[Black "Nasanjargal, Urtnasan"]
[Result "0-1"]
[WhiteElo "2206"]
[BlackElo "2454"]
[PlyCount "72"]
[EventDate "2018.07.20"]
[EventType "swiss"]
[EventRounds "9"]
[EventCountry "CZE"]
[SourceTitle "CBM 185 Extra"]
[Source "ChessBase"]
[SourceDate "2018.07.29"]
[SourceVersion "1"]
[SourceVersionDate "2018.07.29"]
[SourceQuality "1"]

1. e4 c5 2. Nf3 d6 3. d4 cxd4 4. Nxd4 Nf6 5. Nc3 a6 6. Bc4 e6 7. Bb3 Nbd7 8. 0-0 Nc5 9. f4 Be7 10. e5 dxe5 11. fxe5 Nxb3 12. axb3 Bc5 13. Be3 Nd5 14. Qf3 0-0 15. Nxd5 Qxd5 16. Qxd5 exd5 17. Nf5 Bxf5 18. Bxc5 Rfc8 19. Rxf5 Rxc5 20. c3 Re8 21. Raf1 Rc7 22. Re1 Rce7 23. Kf2 Re6 24. b4 Kf8 25. Re3 h6 26. Ref3 R8e7 27. Re3 Ke8 28. g4 g6 29. Rf6 Rxf6+ 30. exf6 Rxe3 31. Kxe3 Kd7 32. Kd4 Kd6 33. b3 b6 34. h4 g5 35. h5 Ke6 36. b5 axb5 0-1

[Event "Pardubice Czech op-J 29th"]
[Site "Pardubice"]
[Date "2018.07.14"]
[Round "2"]
[White "Joukl, Jakub"]
[Black "Miskulin, Dennis"]
[Result "0-1"]
[WhiteElo "1757"]
[BlackElo "2206"]
[PlyCount "128"]
[EventDate "2018.07.13"]
[EventType "swiss"]
[EventRounds "7"]
[EventCountry "CZE"]
[SourceTitle "EXT 2019"]
[Source "ChessBase"]
[SourceDate "2018.10.10"]
[SourceVersion "1"]
[SourceVersionDate "2018.10.10"]
[SourceQuality "1"]

1. d4 Nf6 2. Nf3 g6 3. c4 Bg7 4. Nc3 0-0 5. e3 d6 6. Bd3 Nbd7 7. 0-0 e5 8. dxe5 dxe5 9. e4 c6 10. b3 Re8 11. Bb2 Qc7 12. Qe2 Nh5 13. Qe3 Bf8 14. Rfd1 Nf4 15. Bf1 Nf6 16. g3 Nh3+ 17. Bxh3 Bxh3 18. Ng5 Bg4 19. f3 Bd7 20. Kg2 Qc8 21. f4 h6 22. Nf3 exf4 23. Qxf4 Nh5 24. Qd2 Bh3+ 25. Kh1 Bg7 26. Re1 Qc7 27. Rad1 Rad8 28. Qe3 b6 29. Ng1 Bg4 30. Nge2 Rxd1 31. Nxd1 f5 32. Bxg7 Qxg7 33. Nec3 Bxd1 34. Rxd1 Nf6 35. Re1 Nxe4 36. Qf3 Qd4 37. Nxe4 Rxe4 38. Rd1 Qf6 39. Qd3 Qe7 40. Qd8+ Qxd8 41. Rxd8+ Kf7 42. Rd2 Ke6 43. Kg2 c5 44. Kf3 Rd4 45. Re2+ Kf6 46. Rf2 h5 47. Re2 h4 48. Rf2 h3 49. Re2 g5 50. Rf2 Ke5 51. Re2+ Re4 52. Rd2 g4+ 53. Kf2 Rd4 54. Re2+ Kf6 55. Rc2 Rd3 56. Rb2 Ke5 57. Re2+ Kd4 58. Kg1 Rd1+ 59. Kf2 Rh1 60. Rd2+ Kc3 61. Ke3 Re1+ 62. Re2 Rxe2+ 63. Kxe2 Kb2 64. Ke3 Kxa2 0-1

[Event "Helsingor Xtracon op"]
[Site "Helsingor"]
[Date "2017.07.26"]
[Round "6"]
[White "Miskulin, Dennis"]
[Black "Haubro, Martin"]
[Result "1/2-1/2"]
[WhiteElo "2198"]
[BlackElo "2365"]
[PlyCount "78"]
[EventDate "2017.07.22"]
[EventType "swiss"]
[EventRounds "10"]
[EventCountry "DEN"]
[SourceTitle "CBM 179 Extra"]
[Source "ChessBase"]
[SourceDate "2017.08.23"]
[SourceVersion "1"]
[SourceVersionDate "2017.08.23"]
[SourceQuality "1"]

1. e4 e5 2. Nf3 Nc6 3. Bb5 a6 4. Ba4 Nf6 5. 0-0 Be7 6. Re1 b5 7. Bb3 d6 8. c3 0-0 9. h3 Nd7 10. d4 Bf6 11. d5 Ne7 12. Bc2 Nb6 13. Nbd2 g6 14. b3 c6 15. c4 c5 16. cxb5 axb5 17. Bb2 Bd7 18. Bd3 Bg7 19. Qe2 Qe8 20. Nh2 f5 21. f4 fxe4 22. Nxe4 Nf5 23. Nf3 Nd4 24. Nxd4 exd4 25. Nxd6 Qxe2 26. Bxe2 Nxd5 27. Nxb5 Nxf4 28. Bc4+ Kh8 29. Nd6 Bc6 30. Nf7+ Rxf7 31. Bxf7 Bxg2 32. Re8+ Rxe8 33. Bxe8 Ba8 34. Bd7 Nd3 35. Ba3 Bh6 36. Bb5 Be3+ 37. Kh2 Bf4+ 38. Kg1 Be3+ 39. Kh2 Bf4+ 1/2-1/2

[Event "Helsingor Xtracon op"]
[Site "Helsingor"]
[Date "2017.07.25"]
[Round "5"]
[White "Kvon, Andrey"]
[Black "Miskulin, Dennis"]
[Result "1-0"]
[WhiteElo "2500"]
[BlackElo "2198"]
[PlyCount "45"]
[EventDate "2017.07.22"]
[EventType "swiss"]
[EventRounds "10"]
[EventCountry "DEN"]
[SourceTitle "CBM 179 Extra"]
[Source "ChessBase"]
[SourceDate "2017.08.23"]
[SourceVersion "1"]
[SourceVersionDate "2017.08.23"]
[SourceQuality "1"]

1. d4 Nf6 2. c4 g6 3. Nc3 Bg7 4. e4 d6 5. Nf3 0-0 6. h3 c5 7. d5 e6 8. Bd3 exd5 9. cxd5 Na6 10. 0-0 Nc7 11. Re1 Re8 12. a4 Nd7 13. Nb1 Na6 14. Ra3 Nb4 15. Bf1 Ne5 16. Nxe5 Bxe5 17. Nd2 f5 18. Bb5 Rf8 19. Nf3 Bf6 20. e5 dxe5 21. Nxe5 Kg7 22. Rg3 Qxd5 23. Nxg6 1-0

[Event "Helsingor Xtracon op"]
[Site "Helsingor"]
[Date "2017.07.24"]
[Round "4"]
[White "Miskulin, Dennis"]
[Black "Lindgren, Philip"]
[Result "1-0"]
[WhiteElo "2198"]
[BlackElo "2420"]
[PlyCount "57"]
[EventDate "2017.07.22"]
[EventType "swiss"]
[EventRounds "10"]
[EventCountry "DEN"]
[SourceTitle "CBM 179 Extra"]
[Source "ChessBase"]
[SourceDate "2017.08.23"]
[SourceVersion "1"]
[SourceVersionDate "2017.08.23"]
[SourceQuality "1"]

1. e4 e5 2. f4 exf4 3. Nf3 Nf6 4. e5 Nh5 5. Bc4 d5 6. exd6 Bxd6 7. d4 0-0 8. 0-0 Nc6 9. Nc3 Bf5 10. Nb5 Be7 11. c3 a6 12. Na3 Bd6 13. Bd3 Bxd3 14. Qxd3 Qf6 15. Nc4 Rae8 16. Bd2 g5 17. Nxd6 cxd6 18. g4 Ng7 19. Rf2 d5 20. h4 gxh4 21. Rh2 Qg6 22. Qxg6 fxg6 23. Rxh4 h5 24. Kf2 Rf6 25. Rg1 Rfe6 26. gxh5 Ne7 27. Ne5 Nef5 28. Rxf4 Nxh5 29. Rxf5 1-0

[Event "Pardubice Czech op-A 25th"]
[Site "Pardubice"]
[Date "2014.07.23"]
[Round "6"]
[White "Miskulin, Dennis"]
[Black "Gheng, Josef"]
[Result "0-1"]
[WhiteElo "2213"]
[BlackElo "2336"]
[PlyCount "120"]
[EventDate "2014.07.18"]
[EventType "swiss"]
[EventRounds "9"]
[EventCountry "CZE"]
[SourceTitle "CBM 161 Extra"]
[Source "ChessBase"]
[SourceDate "2014.08.29"]
[SourceVersion "1"]
[SourceVersionDate "2014.08.29"]
[SourceQuality "1"]

1. e4 c5 2. Nf3 d6 3. d4 Nf6 4. Nc3 cxd4 5. Nxd4 a6 6. Bg5 e6 7. f4 Be7 8. Qf3 Qc7 9. 0-0-0 Nbd7 10. g4 h6 11. Bxf6 Bxf6 12. h4 Be7 13. g5 hxg5 14. hxg5 Rxh1 15. Qxh1 g6 16. Qh8+ Nf8 17. Kb1 Bd7 18. Qg7 b5 19. a3 Rb8 20. Bh3 b4 21. axb4 Rxb4 22. Nb3 a5 23. f5 a4 24. Nc1 Qb7 25. Nd3 Rxb2+ 26. Nxb2 a3 27. Nca4 Bxa4 28. Qc3 Qxb2+ 29. Qxb2 axb2 30. f6 Bd8 31. Rxd6 Bb5 32. Rd4 Nd7 33. Rb4 Bc6 34. Bf1 Ba5 35. Rxb2 Bd2 36. Bb5 Bxb5 37. Rxb5 Kd8 38. c4 e5 39. Rb7 Kc8 40. Ra7 Be3 41. Ra8+ Nb8 42. Kc2 Bxg5 43. Ra7 Nd7 44. Kb3 Be3 45. Ra8+ Kc7 46. Kb4 Nxf6 47. Ra3 Bd2+ 48. Kb5 Nxe4 49. Ra7+ Kd6 50. Rxf7 Be3 51. Rg7 g5 52. Rg6+ Ke7 53. Kc6 Kf7 54. Rh6 Bd4 55. Rh2 g4 56. Rg2 g3 57. Kd5 Nf6+ 58. Kc6 Bf2 59. Kd6 e4 60. c5 e3 0-1

[Event "Neos Marmaras op 4th"]
[Site "Neos Marmaras"]
[Date "2012.04.20"]
[Round "7"]
[White "Miskulin, Dennis"]
[Black "Papasimakopoulos, Alexandros"]
[Result "1-0"]
[WhiteElo "2188"]
[BlackElo "2019"]
[PlyCount "55"]
[EventDate "2012.04.16"]
[EventType "swiss"]
[EventRounds "9"]
[EventCountry "GRE"]
[SourceTitle "CBM 148 Extra"]
[Source "ChessBase"]
[SourceDate "2012.06.22"]
[SourceVersion "1"]
[SourceVersionDate "2012.06.22"]
[SourceQuality "1"]

1. e4 e6 2. d4 d5 3. Nc3 Bb4 4. Nge2 dxe4 5. a3 Bxc3+ 6. Nxc3 Nc6 7. Bb5 Nge7 8. Be3 0-0 9. Bxc6 Nxc6 10. d5 Ne5 11. Qd4 Ng4 12. 0-0-0 Nxe3 13. Qxe3 exd5 14. Rxd5 Qe7 15. Qxe4 Qxe4 16. Nxe4 Be6 17. Rd4 Rad8 18. Rhd1 Rxd4 19. Rxd4 b6 20. Nc3 Rc8 21. Nb5 a6 22. Nxc7 Bf5 23. c3 f6 24. Nxa6 Kf7 25. Nb4 g5 26. Rd6 b5 27. f3 h5 28. Rd5 1-0

[Event "Neos Marmaras op 4th"]
[Site "Neos Marmaras"]
[Date "2012.04.19"]
[Round "5"]
[White "Drenchev, Petar"]
[Black "Miskulin, Dennis"]
[Result "1-0"]
[WhiteElo "2499"]
[BlackElo "2188"]
[PlyCount "111"]
[EventDate "2012.04.16"]
[EventType "swiss"]
[EventRounds "9"]
[EventCountry "GRE"]
[SourceTitle "CBM 148 Extra"]
[Source "ChessBase"]
[SourceDate "2012.06.22"]
[SourceVersion "1"]
[SourceVersionDate "2012.06.22"]
[SourceQuality "1"]

1. d4 d5 2. c4 c6 3. Nf3 Nf6 4. Nc3 e6 5. e3 Bd6 6. Bd3 dxc4 7. Bxc4 b5 8. Bd3 Nbd7 9. 0-0 0-0 10. Qc2 Bb7 11. Ng5 Bxh2+ 12. Kxh2 Ng4+ 13. Kg1 Qxg5 14. f3 Ngf6 15. e4 Qh4 16. Be3 e5 17. Ne2 Rfe8 18. a4 a6 19. Rf2 Nh5 20. g4 Ng3 21. Kg2 Nxe2 22. Bxe2 exd4 23. Bxd4 Qe7 24. axb5 axb5 25. Rxa8 Bxa8 26. Be3 Nf8 27. Rf1 Bb7 28. Ra1 Ra8 29. Rxa8 Bxa8 30. Qc3 Qd8 31. b4 h6 32. Kg3 Ne6 33. f4 Qd6 34. e5 Qd7 35. Bf3 Nc7 36. Bc5 Ne6 37. Qa1 Bb7 38. Bd6 Qc8 39. Qa7 Qa8 40. Qb6 Qc8 41. f5 Nf8 42. Kf4 Qd7 43. Qc5 Qc8 44. Qa7 Qa8 45. Qxa8 Bxa8 46. Bd1 Bb7 47. Bb3 Bc8 48. e6 fxe6 49. Ke5 Kf7 50. Bxf8 Kxf8 51. Bxe6 Bxe6 52. Kxe6 g6 53. fxg6 Kg7 54. Kf5 c5 55. bxc5 b4 56. Ke4 1-0

[Event "Olomouc op"]
[Site "Olomouc"]
[Date "2011.08.10"]
[Round "8"]
[White "Rojicek, Vojtech"]
[Black "Miskulin, Dennis"]
[Result "1/2-1/2"]
[WhiteElo "2396"]
[BlackElo "2208"]
[PlyCount "58"]
[EventDate "2011.08.04"]
[EventType "swiss"]
[EventRounds "9"]
[EventCountry "CZE"]
[SourceTitle "CBM 143 Extra"]
[Source "ChessBase"]
[SourceDate "2011.08.29"]
[SourceVersion "1"]
[SourceVersionDate "2011.08.29"]
[SourceQuality "1"]

1. d4 Nf6 2. c4 e6 3. g3 d5 4. Bg2 Be7 5. Nf3 0-0 6. 0-0 dxc4 7. Qc2 a6 8. a4 b6 9. Ne5 Nd5 10. Nc3 Bb7 11. Nxd5 exd5 12. Nxc4 Nc6 13. Ne3 Nxd4 14. Qd3 c5 15. b3 Bf6 16. Bb2 Re8 17. Rad1 Qd7 18. Rd2 a5 19. Bxd4 Bxd4 20. Nxd5 Bxd5 21. Bxd5 Qxd5 22. e3 Rad8 23. exd4 Re4 24. Qb5 Rxd4 25. Rxd4 cxd4 26. Qxb6 d3 27. Qb5 d2 28. Qxd5 Rxd5 29. Rd1 g6 1/2-1/2

[Event "Olomouc op"]
[Site "Olomouc"]
[Date "2011.08.09"]
[Round "7"]
[White "Kolasin, Jan"]
[Black "Miskulin, Dennis"]
[Result "0-1"]
[WhiteElo "2023"]
[BlackElo "2208"]
[PlyCount "96"]
[EventDate "2011.08.04"]
[EventType "swiss"]
[EventRounds "9"]
[EventCountry "CZE"]
[SourceTitle "CBM 143 Extra"]
[Source "ChessBase"]
[SourceDate "2011.08.29"]
[SourceVersion "1"]
[SourceVersionDate "2011.08.29"]
[SourceQuality "1"]

1. e4 c5 2. Nf3 d6 3. d4 cxd4 4. Nxd4 Nf6 5. Nc3 a6 6. Be3 e6 7. f3 Be7 8. Qd2 Nc6 9. 0-0-0 Qc7 10. g4 0-0 11. Kb1 b5 12. g5 Nd7 13. g6 hxg6 14. h4 Nf6 15. Nxc6 Qxc6 16. h5 gxh5 17. Bh6 g6 18. Bxf8 Bxf8 19. Qg5 Be7 20. Ne2 Qc5 21. Qg3 Bb7 22. Bh3 Qe5 23. Nf4 h4 24. Qxh4 Nd5 25. Nxg6 Bxh4 26. Nxe5 dxe5 27. exd5 exd5 28. Be6 fxe6 29. Rxh4 Bc6 30. Rg1+ Kf7 31. Rh7+ Kf6 32. Rc7 Be8 33. Rg8 d4 34. Kc1 Bc6 35. Rgg7 Be8 36. Kd2 Bg6 37. c3 Rh8 38. cxd4 exd4 39. Rgd7 Rh2+ 40. Kd1 d3 41. Ra7 Rxb2 42. Rxa6 Bf5 43. f4 Bg4+ 44. Kc1 Rc2+ 45. Kb1 Bf5 46. Rb6 d2 47. Rbd6 b4 48. Rd8 Rc1+ 0-1

[Event "Pardubice Czech op 22nd"]
[Site "Pardubice"]
[Date "2011.07.30"]
[Round "9"]
[White "Miskulin, Dennis"]
[Black "Krensing, Jan"]
[Result "0-1"]
[WhiteElo "2208"]
[BlackElo "2315"]
[PlyCount "54"]
[EventDate "2011.07.22"]
[EventType "swiss"]
[EventRounds "9"]
[EventCountry "CZE"]
[SourceTitle "CBM 143 Extra"]
[Source "ChessBase"]
[SourceDate "2011.08.29"]
[SourceVersion "1"]
[SourceVersionDate "2011.08.29"]
[SourceQuality "1"]

1. e4 e6 2. d4 d5 3. Nd2 c5 4. exd5 Qxd5 5. Ngf3 cxd4 6. Bc4 Qd6 7. 0-0 Nf6 8. Nb3 Nc6 9. Nbxd4 Nxd4 10. Nxd4 Bd7 11. c3 0-0-0 12. Qf3 Qc5 13. Bb3 Bd6 14. Be3 Qe5 15. g3 Qa5 16. Rfd1 Kb8 17. Nc2 Bc7 18. Qe2 h5 19. h4 Ng4 20. Bd2 Rhe8 21. Ne3 Nxe3 22. Bxe3 Bc6 23. Rxd8+ Rxd8 24. Rd1 Rxd1+ 25. Qxd1 Qf5 26. Kh2 Qe4 27. Qg1 Qxh4# 0-1

[Event "Pardubice op U18"]
[Site "Pardubice"]
[Date "2009.07.22"]
[Round "7"]
[White "Stupak, Kirill"]
[Black "Miskulin, Dennis"]
[Result "1-0"]
[WhiteElo "2449"]
[BlackElo "2234"]
[PlyCount "51"]
[EventDate "2009.07.17"]
[EventType "swiss"]
[EventRounds "7"]
[EventCountry "CZE"]
[SourceTitle "CBM 131 Extra"]
[Source "ChessBase"]
[SourceDate "2009.09.03"]
[SourceVersion "2"]
[SourceVersionDate "2009.09.16"]
[SourceQuality "1"]

1. d4 Nf6 2. g3 d5 3. Nf3 c5 4. Bg2 Nc6 5. 0-0 e6 6. c4 dxc4 7. Ne5 Nxe5 8. dxe5 Qxd1 9. Rxd1 Nd7 10. f4 Be7 11. a4 f6 12. exf6 Bxf6 13. Nc3 a6 14. a5 Rb8 15. Na4 Be7 16. Be3 b5 17. axb6 Nxb6 18. Nxc5 Bxc5 19. Bxc5 Nd7 20. Bd4 Kf7 21. Ra4 Rd8 22. Be5 Rb5 23. Bc3 Bb7 24. Rxc4 Bxg2 25. Kxg2 Rb7 26. Rcd4 1-0

[Event "SWE-chT 0607"]
[Site "Sweden"]
[Date "2007.01.20"]
[Round "6"]
[White "Miskulin, Dennis"]
[Black "Ivarsson, Stefan"]
[Result "1/2-1/2"]
[WhiteElo "2272"]
[BlackElo "2303"]
[PlyCount "110"]
[EventDate "2006.10.20"]
[EventType "team"]
[EventRounds "11"]
[EventCountry "SWE"]
[SourceTitle "EXT 2009"]
[Source "ChessBase"]
[SourceDate "2008.11.26"]
[SourceVersion "1"]
[SourceVersionDate "2008.11.26"]
[SourceQuality "1"]
[WhiteTeam "Eksjo"]
[BlackTeam "Astorp"]
[WhiteTeamCountry "SWE"]
[BlackTeamCountry "SWE"]

1. e4 e6 2. d4 d5 3. Nc3 Bb4 4. Nge2 dxe4 5. a3 Bxc3+ 6. Nxc3 Nc6 7. Bb5 Nge7 8. Nxe4 a6 9. Bxc6+ Nxc6 10. c3 e5 11. d5 Ne7 12. c4 0-0 13. 0-0 c6 14. Nc3 cxd5 15. cxd5 Nf5 16. Re1 Re8 17. Be3 Nxe3 18. Rxe3 b5 19. Qb3 Bf5 20. Rae1 f6 21. f4 Qb6 22. Kh1 Bg6 23. fxe5 fxe5 24. Qd1 Qd4 25. Qe2 e4 26. Rd1 Qe5 27. Qd2 Rad8 28. Qd4 Qxd4 29. Rxd4 Re5 30. Kg1 Kf7 31. Kf2 Bf5 32. Re1 Ke7 33. Ke3 Kd6 34. a4 Kc5 35. axb5 axb5 36. Ra1 Kb6 37. Rb4 Bd7 38. Rb3 Kc5 39. Nxe4+ Kxd5 40. Rd3+ Ke6 41. Rad1 g6 42. g4 b4 43. Rd6+ Ke7 44. Kf4 Re6 45. Rxd7+ Rxd7 46. Rxd7+ Kxd7 47. Nc5+ Ke7 48. Nxe6 Kxe6 49. Ke4 h5 50. gxh5 gxh5 51. b3 h4 52. h3 Kd6 53. Kd4 Ke6 54. Ke4 Kd6 55. Kd4 Ke6 1/2-1/2

[Event "SWE-chT 0607"]
[Site "Sweden"]
[Date "2006.10.21"]
[Round "2"]
[White "Couso, Luis"]
[Black "Miskulin, Dennis"]
[Result "1-0"]
[WhiteElo "2343"]
[BlackElo "2272"]
[PlyCount "69"]
[EventDate "2006.10.20"]
[EventType "team"]
[EventRounds "11"]
[EventCountry "SWE"]
[SourceTitle "EXT 2009"]
[Source "ChessBase"]
[SourceDate "2008.11.26"]
[SourceVersion "1"]
[SourceVersionDate "2008.11.26"]
[SourceQuality "1"]
[WhiteTeam "Sollentuna"]
[BlackTeam "Eksjo"]
[WhiteTeamCountry "SWE"]
[BlackTeamCountry "SWE"]

1. e4 c5 2. Nf3 d6 3. d4 cxd4 4. Nxd4 Nf6 5. Nc3 a6 6. Be3 e6 7. a4 Nc6 8. Nb3 Be7 9. a5 0-0 10. Be2 Qc7 11. Bb6 Qb8 12. 0-0 Nd7 13. Na4 Nxb6 14. Nxb6 Ra7 15. Qd2 Ne5 16. Rfd1 Nd7 17. c4 Nxb6 18. axb6 Ra8 19. f4 Rd8 20. Qe3 Bd7 21. Na5 Qc8 22. b4 e5 23. fxe5 dxe5 24. c5 h6 25. Bc4 Rf8 26. Bd5 Rb8 27. Qb3 Kh8 28. h3 Bb5 29. Rac1 f6 30. Kh2 Kh7 31. Be6 Qe8 32. Qd5 Qh5 33. Nxb7 Rbd8 34. Nxd8 Rxd8 35. Bf5+ 1-0

[Event "SWE-chT 0506"]
[Site "Sweden"]
[Date "2006.??.??"]
[Round "11"]
[White "Miskulin, Dennis"]
[Black "Akesson, Joel"]
[Result "1/2-1/2"]
[WhiteElo "2299"]
[BlackElo "2369"]
[PlyCount "80"]
[EventDate "2005.10.??"]
[EventType "team"]
[EventRounds "11"]
[EventCountry "SWE"]
[SourceTitle "EXT 2008"]
[Source "ChessBase"]
[SourceDate "2007.11.25"]
[SourceVersion "1"]
[SourceVersionDate "2007.11.25"]
[SourceQuality "1"]
[WhiteTeam "Eksjo"]
[BlackTeam "Manhem"]
[WhiteTeamCountry "SWE"]
[BlackTeamCountry "SWE"]

1. e4 e6 2. d4 d5 3. Nc3 Bb4 4. e5 Ne7 5. a3 Bxc3+ 6. bxc3 b6 7. Qg4 Ng6 8. Nf3 Ba6 9. Bxa6 Nxa6 10. a4 Nb8 11. h4 h5 12. Qg3 Nc6 13. Nd2 Na5 14. Nb3 Nc4 15. a5 c5 16. Bg5 Qc8 17. axb6 axb6 18. Rxa8 Qxa8 19. 0-0 cxd4 20. Ra1 Qc8 21. cxd4 0-0 22. Qf3 Na5 23. Qd3 Qc7 24. g3 Rc8 25. Qa6 Nc6 26. Bd2 Nce7 27. c3 Rb8 28. Nc1 Qc4 29. Ra4 Qxa6 30. Rxa6 Nc6 31. Kf1 Na5 32. Ke2 Ne7 33. Nd3 Nec6 34. Nb2 Kf8 35. Na4 Nc4 36. Bc1 Ke8 37. Nb2 N4a5 38. Na4 Nc4 39. Nb2 N4a5 40. Na4 Nc4 1/2-1/2

[Event "SWE-chT 0506"]
[Site "Sweden"]
[Date "2005.??.??"]
[Round "4"]
[White "Moreau, Teodor"]
[Black "Miskulin, Dennis"]
[Result "1-0"]
[WhiteElo "2384"]
[BlackElo "2303"]
[PlyCount "43"]
[EventDate "2005.10.??"]
[EventType "team"]
[EventRounds "11"]
[EventCountry "SWE"]
[SourceTitle "EXT 2008"]
[Source "ChessBase"]
[SourceDate "2007.11.25"]
[SourceVersion "1"]
[SourceVersionDate "2007.11.25"]
[SourceQuality "1"]
[WhiteTeam "Wasa"]
[BlackTeam "Eksjo"]
[WhiteTeamCountry "SWE"]
[BlackTeamCountry "SWE"]

1. d4 Nf6 2. c4 g6 3. Nc3 Bg7 4. e4 d6 5. Be2 0-0 6. Nf3 e5 7. Be3 exd4 8. Nxd4 Re8 9. f3 c6 10. Bf2 d5 11. exd5 cxd5 12. c5 a6 13. 0-0 Nc6 14. Qd2 Nh5 15. Rad1 Be5 16. g3 Nxd4 17. Bxd4 Nf6 18. Rfe1 Qc7 19. Bf1 Bf5 20. g4 Bd7 21. Rxe5 Rxe5 22. Qf4 1-0

[Event "Olomouc op"]
[Site "Olomouc"]
[Date "2004.07.07"]
[Round "3"]
[White "Isonzo, Davide"]
[Black "Miskulin, Dennis"]
[Result "1-0"]
[WhiteElo "2322"]
[BlackElo "2212"]
[PlyCount "93"]
[EventDate "2004.07.05"]
[EventType "swiss"]
[EventRounds "9"]
[EventCountry "CZE"]
[SourceTitle "CBM 101 Extra"]
[Source "ChessBase"]
[SourceDate "2004.09.01"]
[SourceVersion "2"]
[SourceVersionDate "2004.09.01"]
[SourceQuality "1"]

1. e4 c5 2. Nf3 Nc6 3. d4 cxd4 4. Nxd4 Nf6 5. Nc3 e5 6. Ndb5 d6 7. Bg5 a6 8. Na3 b5 9. Bxf6 gxf6 10. Nd5 f5 11. exf5 Bxf5 12. c3 Bg7 13. Nc2 0-0 14. Nce3 Be6 15. Bd3 f5 16. 0-0 Rc8 17. a4 e4 18. Nf4 Bf7 19. axb5 axb5 20. Bxb5 Be5 21. Bxc6 Rxc6 22. Ned5 Kh8 23. Ra7 Qb8 24. Qa4 Rc5 25. Qd7 Bg8 26. Rfa1 Qe8 27. Qxe8 Rxe8 28. Ra8 Rcc8 29. Rxc8 Rxc8 30. g3 Rb8 31. b4 Rc8 32. Ra3 Bf7 33. Kf1 Be8 34. Ke2 Rb8 35. Kd2 Bb5 36. Ra5 Bc4 37. Ne3 Bg8 38. Nxf5 Rf8 39. Nd4 Bxf4+ 40. gxf4 Rxf4 41. Rf5 Rh4 42. b5 Bc4 43. b6 Ba6 44. Ra5 Bb7 45. Ra7 Bd5 46. c4 e3+ 47. Kxe3 1-0

[Event "Pardubice opB"]
[Site "Pardubice"]
[Date "2004.??.??"]
[Round "5"]
[White "Miskulin, Dennis"]
[Black "Faibisovich, Vadim Z"]
[Result "0-1"]
[WhiteElo "2212"]
[BlackElo "2430"]
[PlyCount "88"]
[EventDate "2004.07.??"]
[EventType "swiss"]
[EventRounds "7"]
[EventCountry "CZE"]
[SourceTitle "EXT 2005"]
[Source "ChessBase"]
[SourceDate "2004.11.15"]
[SourceVersion "1"]
[SourceVersionDate "2004.11.15"]
[SourceQuality "1"]

1. e4 e5 2. Nf3 Nc6 3. d4 exd4 4. Nxd4 Bc5 5. Nxc6 bxc6 6. Bd3 Qh4 7. Qe2 Nf6 8. Be3 Bxe3 9. Qxe3 0-0 10. Qg3 Qxg3 11. hxg3 Nxe4 12. Bxe4 Re8 13. Nc3 f5 14. 0-0-0 fxe4 15. Rhe1 d5 16. f3 Bf5 17. fxe4 Bxe4 18. Nxe4 Rxe4 19. Rxe4 dxe4 20. Rd4 Rf8 21. Rxe4 Rf2 22. Re3 Rxg2 23. Rc3 h5 24. Kd1 g5 25. Ke1 h4 26. gxh4 gxh4 27. Kf1 Rg6 28. Rh3 Rg4 29. Kf2 Rc4 30. c3 Ra4 31. a3 Kf7 32. Rd3 Rf4+ 33. Kg2 Ke6 34. Rd8 a5 35. b4 Rc4 36. Ra8 Rxc3 37. Rxa5 c5 38. Ra6+ Kd5 39. b5 c4 40. a4 Ra3 41. Ra5 Kd4 42. Ra7 c3 43. Rxc7 Rxa4 44. b6 Rb4 0-1

[Event "Pardubice opB"]
[Site "Pardubice"]
[Date "2004.??.??"]
[Round "7"]
[White "Miskulin, Dennis"]
[Black "Hasangatin, Ramil"]
[Result "0-1"]
[WhiteElo "2212"]
[BlackElo "2485"]
[PlyCount "84"]
[EventDate "2004.07.??"]
[EventType "swiss"]
[EventRounds "7"]
[EventCountry "CZE"]
[SourceTitle "EXT 2005"]
[Source "ChessBase"]
[SourceDate "2004.11.15"]
[SourceVersion "1"]
[SourceVersionDate "2004.11.15"]
[SourceQuality "1"]

1. e4 c5 2. Nf3 Nc6 3. d4 cxd4 4. Nxd4 Qc7 5. Nb5 Qb8 6. c4 Nf6 7. N1c3 a6 8. Nd4 Nxe4 9. Nxe4 Qe5 10. Nf3 Qxe4+ 11. Be2 g6 12. 0-0 Bg7 13. Bd3 Qg4 14. h3 Qh5 15. Be2 Qa5 16. Bd2 Qc7 17. Rb1 d6 18. b4 0-0 19. Qc1 Bf5 20. Rb3 Be4 21. Be3 Rac8 22. Rd1 Bxf3 23. gxf3 a5 24. bxa5 Nxa5 25. Rb5 Nc6 26. Qb1 Rb8 27. Qb3 Qc8 28. Kg2 Ra8 29. c5 dxc5 30. Bxc5 Rd8 31. Rxd8+ Qxd8 32. Qe3 Qd7 33. Qb3 Qd2 34. Qe3 Rxa2 35. Bc4 Bd4 36. Bxd4 Nxd4 37. Qxd2 Rxd2 38. Rxb7 Nf5 39. Bb5 Rb2 40. Bc6 Rxb7 41. Bxb7 g5 42. Ba6 Kg7 0-1

[Event "Rilton Cup 33rd"]
[Site "Stockholm"]
[Date "2003.12.29"]
[Round "3"]
[White "Miskulin, Dennis"]
[Black "Bellon Lopez, Juan Manuel"]
[Result "1/2-1/2"]
[WhiteElo "2156"]
[BlackElo "2423"]
[PlyCount "81"]
[EventDate "2003.12.27"]
[EventType "swiss"]
[EventRounds "9"]
[EventCountry "SWE"]
[SourceTitle "CBM 097 Extra"]
[Source "ChessBase"]
[SourceDate "2004.01.13"]
[SourceVersion "1"]
[SourceVersionDate "2004.01.13"]
[SourceQuality "1"]

1. e4 c5 2. Nf3 Nc6 3. d4 cxd4 4. Nxd4 Qb6 5. Nb3 Nf6 6. Nc3 e6 7. Be3 Qc7 8. Bd3 Bb4 9. 0-0 Bxc3 10. bxc3 d6 11. f4 e5 12. h3 0-0 13. Qe1 exf4 14. Bxf4 Be6 15. Nd4 Ne5 16. Bd2 Nfd7 17. Qg3 Nc5 18. a4 a6 19. a5 Rae8 20. Nf5 f6 21. Kh1 Bxf5 22. Rxf5 Nexd3 23. cxd3 Nb3 24. Rd1 Nxd2 25. Rxd2 Qxc3 26. Rdf2 Re5 27. Rxf6 Qe1+ 28. Rf1 Qxf1+ 29. Rxf1 Rxf1+ 30. Kh2 h6 31. d4 Rxe4 32. Qxd6 Re2 33. Qb8+ Rf8 34. Qxb7 Rff2 35. h4 g6 36. Qxa6 Rxg2+ 37. Kh3 Rh2+ 38. Kg3 Rhg2+ 39. Kh3 Rh2+ 40. Kg3 Rhg2+ 41. Kh3 1/2-1/2